| 000 | 00585nam a22001817a 4500 | ||
|---|---|---|---|
| 003 | OSt | ||
| 005 | 20201124075132.0 | ||
| 008 | 130909s1987 dr ac 001 0 spa d | ||
| 040 |
_aDO-SdBNP _bspa _cBNPHU |
||
| 082 |
_axxxx _bxxxx |
||
| 100 | 1 |
_aMiranda M., Pedro N. _956903 |
|
| 245 | 1 | 0 |
_aVigencia de Lenin en la era de Gorbachov : _bel testamento que exploto 70 años después / _cPedro N. Miranda M. |
| 260 |
_aCaracas, Venezuela: _bEdiciones Sextante; _c1987. |
||
| 300 |
_a171 p. ; _bil., rest. _c20 cm. |
||
| 590 | _aInventariado,2020/ YL | ||
| 910 | _aYLockward | ||
| 942 |
_2ddc _cLBS1 |
||
| 999 |
_c49189 _d49189 |
||